| 000 | 00768nam a22002177a 4500 | ||
|---|---|---|---|
| 005 | 20240530110554.0 | ||
| 008 | 160802s2013 ua f 000 p ara d | ||
| 017 |
_a2013/11710 _bمصر . دار الكتب المصرية |
||
| 020 | _a9789770932452 | ||
| 040 | _aEG-CaGPL | ||
| 082 | 0 | 4 |
_221 _a811.9\ _bأ ع |
| 100 | 0 | _aاحمد حداد | |
| 245 | 1 | 0 |
_aعزيزى فلان : _bاشعار الثورة بالعامية المصرية / _cاحمد حداد |
| 250 | _aط.1 | ||
| 260 |
_aالقاهرة : _bدار الشروق ، _c2013 . |
||
| 300 |
_a151 ص. ؛ _c19 سم . |
||
| 650 | 0 | 4 | _aالادب العربى |
| 650 | 0 | 4 |
_aالشعر العربى _xدواوين و قصائد |
| 650 | 0 | 4 |
_aالشعر العربى _yالعصر الحديث |
| 942 |
_2ddc _cBK |
||
| 999 |
_c62520 _d62520 |
||